| 000 | 01500nam a2200217Ia 4500 | ||
|---|---|---|---|
| 003 | Ost | ||
| 005 | 20260507075035.0 | ||
| 008 | 260507s9999||||xx |||||||||||||| ||und|| | ||
| 020 | _a2715312977 | ||
| 040 | _cfsecg | ||
| 041 | _aara | ||
| 082 | _a330 | ||
| 100 |
_aهرجة، مجدي مصطفى _eمؤلف |
||
| 245 | 0 |
_aالمشكلات العلمية في القبض والتفتيش والدفوع والبطلان في ضوء الفقه-أحكام النقض-محاكم الجنايات والتعليمات العامة للنيابات. / _c مجدي مصطفى هرجة |
|
| 260 |
_aالقاهرة: _bدار محمود للنشر والتوزيع, _c2003 |
||
| 300 |
_a233 صفحة؛ _bإيضاحات ؛ _c24 سم |
||
| 520 | _aالقبض ومشكلات العلمية والدفوع المتعلقة به- تعريف القبض ومدلوله- القبض والإجراءات المشابهة- الجهات المختصة بإصدار أوامر القبض وحالات إصدارها- القبض بمعرفة مأموري الضبط القضائي- القبض بمعرفة سلطة التحقيق- القبض بمعرفة المحكمة- المبادئ العامة في أوامر القبض- الدفوع المتعلقة بالقبض- التفتيش ومشكلاته العملية والدفوع المتعلقة به- تعريف التفتيش وأنواعه- تفتيش الاشخاص | ||
| 653 | _aالمعاملات | ||
| 653 | _aحسابات القبض | ||
| 942 | _cكتاب | ||
| 999 |
_c42449 _d42449 |
||